Largest Capital Cities in the Americas - Statistics

General Stats
  • This quiz has been taken 43 times
  • The average score is 11 of 13
Answer Stats
population capital % Correct
8,851,080 Mexico City
97%
2,648,532 Brasilia
95%
8,481,415 Lima
95%
5,084,038 Santiago
95%
2,891,082 Buenos Aires
92%
7,613,303 Bogota
90%
1,838,939 Caracas
90%
2,135,498 Havana
87%
1,504,991 Quito
79%
1,369,797 Montevideo
72%
1,022,000 Guatemala City
69%
1,111,838 Santo Domingo
64%
1,235,227 Port-au-Prince
51%
No matching quizzes found
Score Distribution
Percent of People with Each Score
Percentile by Number Answered
Your Score History
You have not taken this quiz